[Event "PRO League Group Stage"]
[Site "chess.com INT"]
[Date "2018.03.07"]
[Round "9"]
[White "Rosenthal, Nicholas"]
[Black "Shetty, Atulya"]
[Result "0-1"]
[BlackTitle "IM"]
[WhiteElo "2169"]
[BlackElo "2389"]
[WhiteTeam "Miami Champions"]
[BlackTeam "Pittsburgh Pawngrabbers"]
[WhiteFideId "2045150"]
[BlackFideId "2031213"]
[EventDate "2018.01.18"]

1. e4 c5 2. Nf3 g6 3. Bc4 Bg7 4. O-O d6 5. c3 Nf6 6. Re1 O-O 7. d3 Nc6 8. h3 Na5
9. Bb5 a6 10. Ba4 b5 11. Bc2 Bb7 12. Be3 c4 13. Nbd2 cxd3 14. Bxd3 Rc8 15. a4
Nc4 16. Qb3 Nxe3 17. Rxe3 Nd7 18. axb5 Nc5 19. Qc2 Nxd3 20. Qxd3 axb5 21. Qxb5
Rb8 22. Qd3 Bc6 23. Rb1 Qa5 24. b4 Qa4 25. Ree1 Rfc8 26. Nd4 Be8 27. Rec1 Qa7
28. N2b3 Qb7 29. Kh1 Rc7 30. Rc2 Bd7 31. Ra1 Qc8 32. Kh2 h5 33. Rac1 Ba4 34. Kg1
e5 35. Ra2 Qe8 36. b5 exd4 37. Rxa4 Rxc3 38. Rxc3 dxc3 39. Nd4 Rc8 40. Nc6 Qe6
41. Rc4 Ra8 42. b6 Qd7 43. Qd5 Ra1+ 44. Kh2 Rb1 45. Nb4 Be5+ 46. g3 h4 47. Rc7
hxg3+ 48. Kg2 Qe6 49. Rc4 gxf2 50. Kxf2 Qf6+ 51. Ke3 Qf4+ 52. Kd3 Qd2# 0-1

[Event "PRO League Group Stage"]
[Site "chess.com INT"]
[Date "2018.03.07"]
[Round "9"]
[White "Rosenthal, Nicholas"]
[Black "Bora, Safal"]
[Result "0-1"]
[BlackTitle "IM"]
[WhiteElo "2169"]
[BlackElo "2370"]
[WhiteTeam "Miami Champions"]
[BlackTeam "Pittsburgh Pawngrabbers"]
[WhiteFideId "2045150"]
[BlackFideId "2066149"]
[EventDate "2018.01.18"]

1. e4 e5 2. Nf3 Nc6 3. Bc4 Bc5 4. c3 Nf6 5. d4 exd4 6. cxd4 Bb4+ 7. Bd2 Bxd2+ 8.
Nbxd2 d5 9. exd5 Nxd5 10. O-O O-O 11. Rc1 Nb6 12. Be2 Nxd4 13. Nxd4 Qxd4 14.
Rxc7 Qxb2 15. Nc4 Qf6 16. Qc1 Nd5 17. Rc5 Be6 18. Bf3 Rad8 19. Ne3 Nf4 20. Rc7
Rc8 21. Rxc8 Bxc8 22. Qa3 a6 23. Rc1 b5 24. g3 Nh3+ 25. Kg2 Be6 26. Qc3 Qxc3 27.
Rxc3 Rc8 28. Rc6 Ng5 29. Rxc8+ Bxc8 30. Bc6 Kf8 31. Nd5 Ne6 32. Nb6 Nd4 33. Ba8
Be6 34. a3 Nc2 35. a4 b4 36. a5 b3 37. Na4 Nb4 38. Nb2 Bd7 39. Kf3 Bc6+ 40. Bxc6
Nxc6 41. Ke4 Nxa5 42. Kd5 Ke7 43. Kc5 Nb7+ 44. Kb6 Nd6 45. Kxa6 Ne4 46. Kb5 Nxf2
47. Kb4 Ng4 48. h4 Ne3 49. Kxb3 Nf5 50. g4 Nxh4 51. Kc4 Kf6 52. Nd3 Kg5 53. Kd4
Ng6 54. Nf2 Kf4 55. Nd3+ Kxg4 56. Ke3 h5 57. Kf2 h4 58. Kg1 f6 59. Kh2 Nf4 60.
Nf2+ Kf5 61. Nd1 g5 62. Ne3+ Kg6 63. Ng4 f5 64. Ne5+ Kh5 65. Nf3 g4 66. Nd4 Kg5
67. Kh1 g3 68. Kg1 h3 69. Nf3+ Kh5 70. Kh1 Ne2 71. Nh4 g2+ 72. Nxg2 hxg2+ 73.
Kxg2 Kg4 0-1

[Event "PRO League Group Stage"]
[Site "chess.com INT"]
[Date "2018.03.07"]
[Round "9"]
[White "Tomb, Maroun"]
[Black "Le, Quang Liem"]
[Result "0-1"]
[BlackTitle "GM"]
[WhiteElo "2182"]
[BlackElo "2737"]
[WhiteTeam "Montreal Chessbrahs"]
[BlackTeam "Webster Windmills"]
[WhiteFideId "5300398"]
[BlackFideId "12401137"]
[EventDate "2018.01.18"]

1. e4 c5 2. Ne2 Nc6 3. Nbc3 a6 4. g3 g6 5. d4 cxd4 6. Nxd4 Bg7 7. Nde2 Nf6 8.
Bg2 O-O 9. O-O d6 10. a4 Be6 11. Nd5 Rc8 12. c3 Ne5 13. Nef4 Bg4 14. f3 Nxd5 15.
Nxd5 Be6 16. Be3 Nc4 17. Bd4 Nxb2 18. Qb3 Bxd4+ 19. cxd4 Nc4 20. Qxb7 Bxd5 21.
exd5 Ne3 22. Rf2 a5 23. Re1 Rb8 24. Qc6 Nf5 25. Qc3 Rb4 26. Rfe2 Qb6 27. Kh1
Rxa4 28. Bh3 Qxd4 29. Qxd4 Nxd4 30. Rxe7 Nxf3 31. Rf1 Ne5 32. Ra7 Ra2 33. Ra6
Rb8 34. Rf6 Rb1+ 35. Bf1 Ng4 36. Rf4 Ne3 37. Kg1 Raa1 38. Kf2 Nxf1 39. Ra8+ Kg7
40. Ra7 Ra2+ 41. Kf3 Nxh2+ 0-1

[Event "PRO League Group Stage"]
[Site "chess.com INT"]
[Date "2018.03.07"]
[Round "9"]
[White "Tomb, Maroun"]
[Black "Nyzhnyk, Illya"]
[Result "0-1"]
[BlackTitle "GM"]
[WhiteElo "2182"]
[BlackElo "2599"]
[WhiteTeam "Montreal Chessbrahs"]
[BlackTeam "Webster Windmills"]
[WhiteFideId "5300398"]
[BlackFideId "14118084"]
[EventDate "2018.01.18"]

1. e4 c6 2. Nc3 d5 3. Nf3 Bg4 4. h3 Bxf3 5. Qxf3 e6 6. d3 g6 7. Bd2 Bg7 8. g4
Nd7 9. h4 h5 10. g5 Ne7 11. Bh3 b5 12. a3 O-O 13. Qg3 a5 14. O-O Nc5 15. exd5
Nxd5 16. Ne4 Qe7 17. Rab1 Rfd8 18. Rfe1 b4 19. axb4 axb4 20. c4 bxc3 21. bxc3
Nxc3 22. Nf6+ Bxf6 23. gxf6 Qxf6 24. Bg5 Qd4 25. Bxd8 Nxb1 26. Bb6 Qb4 27. Bxc5
Qxe1+ 28. Kh2 Nc3 29. Be3 Ne2 30. Qg5 Ra4 31. d4 Ra5 32. Qg2 Kg7 33. Bg5 Nxd4
34. Be3 Ne2 35. f3 Ra2 36. Bf2 Qd2 0-1

[Event "PRO League Group Stage"]
[Site "chess.com INT"]
[Date "2018.03.07"]
[Round "9"]
[White "Perez Ponsa, Federico"]
[Black "Rambaldi, Francesco"]
[Result "1-0"]
[WhiteTitle "GM"]
[BlackTitle "GM"]
[WhiteElo "2553"]
[BlackElo "2563"]
[WhiteTeam "Buenos Aires Krakens"]
[BlackTeam "Saint Louis Arch Bishops"]
[WhiteFideId "117927"]
[BlackFideId "20657307"]
[EventDate "2018.01.18"]

1. d4 d5 2. Bf4 c5 3. e3 Nc6 4. c3 cxd4 5. exd4 Bf5 6. Nd2 f6 7. Ngf3 g5 8. Bg3
h5 9. h3 e6 10. Nb3 Bd6 11. Bd3 Nge7 12. O-O Bxg3 13. fxg3 Qd6 14. Bxf5 Nxf5 15.
Nc5 Ne3 16. Qd3 O-O-O 17. Qxe3 e5 18. dxe5 Qe7 19. Rae1 g4 20. Nh4 d4 21. cxd4
Nxd4 22. Rc1 Kb8 23. Ng6 1-0

[Event "PRO League Group Stage"]
[Site "chess.com INT"]
[Date "2018.03.07"]
[Round "9"]
[White "Perez Ponsa, Federico"]
[Black "Ramirez, Alejandro"]
[Result "0-1"]
[WhiteTitle "GM"]
[BlackTitle "GM"]
[WhiteElo "2553"]
[BlackElo "2568"]
[WhiteTeam "Buenos Aires Krakens"]
[BlackTeam "Saint Louis Arch Bishops"]
[WhiteFideId "117927"]
[BlackFideId "6500617"]
[EventDate "2018.01.18"]

1. Nf3 d5 2. c4 d4 3. b4 f6 4. c5 a5 5. Qa4+ Bd7 6. b5 e5 7. e3 Bxc5 8. Bc4 Ne7
9. exd4 exd4 10. Ba3 Na6 11. O-O Nb4 12. Re1 Bg4 13. Qb3 Qd7 14. Bf7+ Kf8 15.
Bxb4 axb4 16. Bc4 d3 17. a3 Bxf3 18. gxf3 Qd4 19. Re3 Qxa1 20. Rxd3 bxa3 21. Kg2
Ng6 22. Rd7 Ne5 23. Rxc7 Qd4 0-1

[Event "PRO League Group Stage"]
[Site "chess.com INT"]
[Date "2018.03.07"]
[Round "9"]
[White "Meier, Georg"]
[Black "Libiszewski, Fabien"]
[Result "1/2-1/2"]
[WhiteTitle "GM"]
[BlackTitle "GM"]
[WhiteElo "2647"]
[BlackElo "2530"]
[WhiteTeam "Stockholm Snowballs"]
[BlackTeam "Cannes Blockbusters"]
[WhiteFideId "4675789"]
[BlackFideId "616834"]
[EventDate "2018.01.18"]

1. Nf3 Nf6 2. g3 g6 3. Bg2 Bg7 4. O-O O-O 5. d4 d6 6. b3 c5 7. c4 e5 8. dxe5
dxe5 9. Bb2 e4 10. Qxd8 Rxd8 11. Ng5 Re8 12. Nc3 h6 13. Nh3 g5 14. Nb5 Na6 15.
Rad1 Bg4 16. Rfe1 Rad8 17. Kf1 Nb4 18. Nd6 Nc2 19. Nxe8 Rxe8 20. Ng1 Bc8 21. h3
e3 22. Rd6 Nxe1 23. Kxe1 exf2+ 24. Kxf2 Ne4+ 25. Bxe4 Bxb2 26. Kf3 Kg7 27. g4
Bd4 28. e3 Bxe3 29. Kxe3 f5 30. gxf5 Bxf5 31. Rd5 Rxe4+ 32. Kf2 Rf4+ 33. Kg3 b6
34. Ne2 Be6 35. Nxf4 gxf4+ 36. Kxf4 Bxd5 37. cxd5 Kf6 38. h4 b5 39. h5 c4 40.
bxc4 bxc4 41. Ke4 c3 42. Kd3 Ke5 43. Kxc3 Kxd5 44. Kb4 Kd6 45. Kb5 Kc7 46. Kc5
Kd7 47. Kd5 Kc7 48. Ke6 Kc6 49. Kf6 Kd6 50. Kg6 Ke6 51. Kxh6 Kf6 52. Kh7 Kf7 53.
h6 a5 54. a4 Kf8 55. Kg6 Kg8 56. Kf6 Kh7 57. Ke6 Kxh6 58. Kd6 Kg6 59. Kc6 Kf6
60. Kb6 Ke6 61. Kxa5 Kd7 62. Kb6 Kc8 63. Ka7 Kc7 64. a5 Kc8 65. a6 Kc7 66. Ka8
Kc8 67. a7 Kc7 1/2-1/2

[Event "PRO League Group Stage"]
[Site "chess.com INT"]
[Date "2018.03.07"]
[Round "9"]
[White "Meier, Georg"]
[Black "Travadon, Loic"]
[Result "1-0"]
[WhiteTitle "GM"]
[BlackTitle "FM"]
[WhiteElo "2647"]
[BlackElo "2351"]
[WhiteTeam "Stockholm Snowballs"]
[BlackTeam "Cannes Blockbusters"]
[WhiteFideId "4675789"]
[BlackFideId "26092131"]
[EventDate "2018.01.18"]

1. Nf3 Nf6 2. g3 g6 3. Bg2 Bg7 4. O-O O-O 5. d4 d6 6. b3 c5 7. c4 Nc6 8. Bb2 Bg4
9. d5 Bxf3 10. Bxf3 Ne5 11. Bg2 b5 12. cxb5 Nfd7 13. Qc2 a6 14. h3 Nb6 15. Nc3
axb5 16. Nxb5 Qb8 17. a4 Rc8 18. Rfb1 c4 19. Bd4 Qb7 20. Qd1 Rab8 21. bxc4 Qa6
22. c5 dxc5 23. Bc3 Rd8 24. Qc2 Rb7 25. d6 Rbd7 26. a5 Nbc4 27. Nc7 Qxd6 28. Nb5
Qa6 29. Na3 Nxa3 30. Rxa3 Nc4 31. Ra2 Nd2 32. Bxd2 Rxd2 33. Qxd2 Rxd2 34. Rxd2
Bc3 35. Rc2 Bxa5 36. Ra2 c4 37. Rba1 c3 38. Rxa5 Qxe2 39. Rc5 Qb2 40. Ra8+ Kg7
41. Rac8 Qa1+ 42. Bf1 h5 43. h4 Qe1 44. Rxc3 f5 45. Re3 Qb4 46. Re8 f4 47.
R8xe7+ Kh6 48. R7e4 Qd6 49. Rxf4 g5 50. hxg5+ Kxg5 51. Rh4 Qf6 52. Be2 Qa1+ 53.
Kg2 Qa8+ 54. Bf3 Qa6 55. Rxh5+ Kg6 56. Rc3 Qd6 57. Rc6 1-0

[Event "PRO League Group Stage"]
[Site "chess.com INT"]
[Date "2018.03.07"]
[Round "9"]
[White "Macieja, Bartlomiej"]
[Black "Sarana, Alexey"]
[Result "1-0"]
[WhiteTitle "GM"]
[BlackTitle "GM"]
[WhiteElo "2550"]
[BlackElo "2562"]
[WhiteTeam "Rio Grande Ospreys"]
[BlackTeam "Australia Kangaroos"]
[WhiteFideId "1104306"]
[BlackFideId "24133795"]
[EventDate "2018.01.18"]

1. e4 c5 2. Nf3 d6 3. d4 cxd4 4. Qxd4 Nc6 5. Bb5 Bd7 6. Qd3 g6 7. c4 Bg7 8. O-O
Nf6 9. Nc3 O-O 10. h3 Rc8 11. Bg5 a6 12. Bxc6 Bxc6 13. Rac1 Nd7 14. Qe3 Re8 15.
Nd4 Qa5 16. Rfd1 Nc5 17. Bh6 Bh8 18. a3 Ne6 19. Nce2 Qe5 20. Nxc6 Rxc6 21. b3
Qc5 22. a4 Rb8 23. Rd5 Qa3 24. h4 Nc5 25. Rb1 b5 26. cxb5 axb5 27. axb5 Rxb5 28.
b4 Qxe3 29. Bxe3 e6 30. Nd4 Bg7 31. Nxb5 exd5 32. exd5 Rb6 33. bxc5 dxc5 34.
Bxc5 Rb7 35. d6 Bf6 36. Na3 Rd7 37. Nc4 Rd8 38. Nb6 Rb8 39. Rb4 h5 40. Nd5 1-0

[Event "PRO League Group Stage"]
[Site "chess.com INT"]
[Date "2018.03.07"]
[Round "9"]
[White "Macieja, Bartlomiej"]
[Black "Ikeda, Junta"]
[Result "1/2-1/2"]
[WhiteTitle "GM"]
[BlackTitle "IM"]
[WhiteElo "2550"]
[BlackElo "2415"]
[WhiteTeam "Rio Grande Ospreys"]
[BlackTeam "Australia Kangaroos"]
[WhiteFideId "1104306"]
[BlackFideId "3204731"]
[EventDate "2018.01.18"]

1. Nf3 d5 2. d4 e6 3. c4 c6 4. Qc2 Nf6 5. Bg5 Nbd7 6. cxd5 exd5 7. Nc3 Be7 8. e3
Nh5 9. Bxe7 Qxe7 10. O-O-O Nhf6 11. Bd3 O-O 12. g4 g6 13. Rdg1 Re8 14. h4 Ne4
15. Bxe4 dxe4 16. Nd2 Nf6 17. g5 Nd5 18. Ndxe4 Bf5 19. Nf6+ Qxf6 20. gxf6 Bxc2
21. Nxd5 cxd5 22. Kxc2 Re6 23. Rg5 Rc8+ 24. Kd3 Rxf6 25. f4 Rd6 26. h5 Kg7 27.
h6+ Kf8 28. f5 f6 29. Rgg1 g5 30. Rc1 Rxc1 31. Rxc1 Rc6 32. Re1 a5 33. e4 dxe4+
34. Rxe4 Rb6 35. b3 Rb5 36. Re6 Rxf5 37. Rb6 Kf7 38. Rxb7+ Kg6 39. Ke4 Rf4+ 40.
Ke3 Kxh6 41. d5 Rf1 42. Ke2 Rf5 43. Rd7 g4 44. d6 Kg6 45. Rd8 Rd5 46. d7 Kf5 47.
a4 Ke6 48. Rg8 Rxd7 49. Rxg4 Rb7 50. Rg3 f5 51. Rh3 Ke5 52. Kd2 Ke4 53. Ke2 f4
54. Rh5 Rxb3 55. Rxa5 Rb2+ 56. Ke1 Ke3 57. Re5+ Kf3 58. Rh5 Ra2 59. a5 Ke3 60.
Kf1 f3 61. Re5+ Kf4 62. Rh5 Kg3 63. Rg5+ Kf4 64. Rh5 Ra1+ 65. Kf2 Ra2+ 66. Kf1 1/2-1/2

[Event "PRO League Group Stage"]
[Site "chess.com INT"]
[Date "2018.03.07"]
[Round "9"]
[White "Khachiyan, Melikset"]
[Black "Javakhadze, Zurab"]
[Result "0-1"]
[WhiteTitle "GM"]
[BlackTitle "IM"]
[WhiteElo "2522"]
[BlackElo "2456"]
[WhiteTeam "Las Vegas Desert Rats"]
[BlackTeam "Dallas Destiny"]
[WhiteFideId "13300512"]
[BlackFideId "13603647"]
[EventDate "2018.01.18"]

1. e4 e5 2. Bc4 Nc6 3. Nf3 Bc5 4. d3 Nf6 5. O-O d6 6. c3 a6 7. Bb3 Ba7 8. Nbd2
O-O 9. h3 Be6 10. Re1 Qd7 11. Nf1 Rad8 12. Bg5 Ne7 13. Bxf6 gxf6 14. Ng3 f5 15.
Ng5 h6 16. Qh5 Kg7 17. exf5 Nxf5 18. Qg4 hxg5 19. Qxg5+ Kh7 20. Re4 Rg8 21. Rh4+
Nxh4 22. Qxh4+ Kg6 23. Nh5 Bxb3 24. axb3 Qf5 25. Ra4 Bxf2+ 0-1

[Event "PRO League Group Stage"]
[Site "chess.com INT"]
[Date "2018.03.07"]
[Round "9"]
[White "Khachiyan, Melikset"]
[Black "Harmon-Vellotti, Luke"]
[Result "0-1"]
[WhiteTitle "GM"]
[BlackTitle "IM"]
[WhiteElo "2522"]
[BlackElo "2468"]
[WhiteTeam "Las Vegas Desert Rats"]
[BlackTeam "Dallas Destiny"]
[WhiteFideId "13300512"]
[BlackFideId "2030012"]
[EventDate "2018.01.18"]

1. e4 c6 2. d4 d5 3. Nc3 dxe4 4. Nxe4 Bf5 5. Ng3 Bg6 6. h4 h6 7. Nf3 Nd7 8. h5
Bh7 9. Bd3 Bxd3 10. Qxd3 e6 11. Bd2 Ngf6 12. O-O-O Be7 13. Kb1 O-O 14. Ne4 c5
15. Be3 Nxe4 16. Qxe4 Nf6 17. Qxb7 Rb8 18. Qa6 Nd5 19. Bd2 Qc7 20. Ba5 Qd7 21.
c4 Qa4 22. cxd5 Rb5 23. Qxa7 Rxa5 24. Qxe7 Rb8 25. Kc1 Qb4 26. Kc2 Rxa2 27. Kd3
c4+ 0-1

[Event "PRO League Group Stage"]
[Site "chess.com INT"]
[Date "2018.03.07"]
[Round "9"]
[White "Borisek, Jure"]
[Black "Le Roux, Jean-Pierre"]
[Result "1-0"]
[WhiteTitle "GM"]
[BlackTitle "GM"]
[WhiteElo "2576"]
[BlackElo "2554"]
[WhiteTeam "Ljubljana Turtles"]
[BlackTeam "London Lions"]
[WhiteFideId "14603152"]
[BlackFideId "609404"]
[EventDate "2018.01.18"]

1. e4 g6 2. d4 Bg7 3. Nc3 c6 4. h3 d6 5. Be3 Nf6 6. a4 Qa5 7. Bd3 O-O 8. Nf3 e5
9. O-O Nbd7 10. Re1 exd4 11. Nxd4 Re8 12. Rb1 Qc7 13. b4 a5 14. bxa5 Qxa5 15.
Qd2 Nc5 16. Nb3 Nxb3 17. Rxb3 Nd7 18. Reb1 Nc5 19. Rb4 Nd7 20. Bd4 Bxd4 21. Rxd4
Qc5 22. Bf1 Re6 23. Rd1 Rf6 24. Kh1 Nf8 25. f3 h5 26. h4 Qe5 27. Qg5 Ne6 28.
Qxe5 dxe5 29. Rd6 Kg7 30. Bc4 Nd4 31. Rd8 b6 32. Rb1 b5 33. axb5 cxb5 34. Bd3
Bb7 35. Rxa8 Bxa8 36. Nxb5 Rb6 37. c3 Ne6 38. Kg1 Bc6 39. Na3 Rxb1+ 40. Nxb1 Nc5
41. Bc2 Kf6 42. Kf2 Ke7 43. Ke3 Bb5 44. g3 f6 45. Nd2 Ba6 46. Bb3 Bc8 47. Bd5 f5
48. c4 Kf6 49. f4 Nd7 50. Bc6 Nc5 51. Bd5 Nd7 52. Nb3 exf4+ 53. gxf4 fxe4 54.
Bxe4 Nb6 55. Kd4 Be6 56. Na5 Na4 57. c5 Bf5 58. Bf3 Bc8 59. Be4 Bf5 60. Bc6 Nxc5
61. Kxc5 Bb1 62. Kd4 Kf5 63. Ke3 Kg4 64. Nc4 Kxh4 65. Ne5 Bf5 66. Be4 Kg3 67.
Nxg6 Bd7 68. f5 h4 69. f6 Be8 70. Ne5 h3 71. Nd3 h2 72. Nf2 Bf7 73. Bf3 Be6 74.
Nh1+ Kh4 75. Kf4 Bf7 76. Bg4 Bg6 77. Ng3 1-0

[Event "PRO League Group Stage"]
[Site "chess.com INT"]
[Date "2018.03.07"]
[Round "9"]
[White "Borisek, Jure"]
[Black "Horton, Andrew P"]
[Result "1-0"]
[WhiteTitle "GM"]
[BlackTitle "FM"]
[WhiteElo "2576"]
[BlackElo "2397"]
[WhiteTeam "Ljubljana Turtles"]
[BlackTeam "London Lions"]
[WhiteFideId "14603152"]
[BlackFideId "424269"]
[EventDate "2018.01.18"]

1. Nf3 c5 2. g3 Nc6 3. Bg2 g6 4. O-O Bg7 5. e4 d6 6. c3 Nf6 7. Re1 O-O 8. h3 e5
9. d3 h6 10. a3 Re8 11. b4 b6 12. Nbd2 Be6 13. Bb2 Qc7 14. d4 cxd4 15. cxd4 exd4
16. Nxd4 Nxd4 17. Bxd4 Rac8 18. Nf1 Qd7 19. g4 Rc4 20. Bb2 Rec8 21. Ne3 R4c7 22.
Re2 Qe7 23. Nf5 Bxf5 24. exf5 Qf8 25. fxg6 fxg6 26. Qb3+ Kh7 27. Rd1 Re7 28.
Red2 Ne8 29. Qd3 Bxb2 30. Rxb2 Qf6 31. Rbd2 Rc3 32. Qa6 Qf4 33. Rd3 Rxd3 34.
Qxd3 Qf6 35. Bc6 Ng7 36. Bd5 Re5 37. Bg2 Ne8 38. Qa6 Re7 39. Qc8 Qe5 40. Qd8 Qe6
41. Bc6 Qe2 42. Bf3 Qe6 43. Kg2 Rd7 44. Qc8 Re7 45. Qc6 Rc7 46. Qa4 Nf6 47. Qb5
Qe5 48. Qd3 d5 49. Rd2 Rc3 50. Qa6 Ne4 51. Qxa7+ Rc7 52. Rxd5 Qg7 53. Qxb6 Ng5
54. Rc5 Rf7 55. Bd5 Rxf2+ 56. Kxf2 Qd4+ 57. Ke2 Qb2+ 58. Kd3 Qb1+ 59. Kc3 Qe1+
60. Kb3 Qd1+ 61. Kb2 Qd4+ 62. Kb3 Qd1+ 63. Rc2 Qxd5+ 64. Ka4 Qa8+ 65. Kb5 Qd5+
66. Qc5 Qb7+ 67. Ka5 Qa8+ 68. Kb6 Qb8+ 69. Ka6 Nf7 70. Qc7 Qa8+ 71. Kb6 Kg7 72.
Rf2 Qe8 73. Qxf7+ Qxf7 74. Rxf7+ Kxf7 75. a4 1-0

[Event "PRO League Group Stage"]
[Site "chess.com INT"]
[Date "2018.03.07"]
[Round "9"]
[White "Grandelius, Nils"]
[Black "Ladva, Ottomar"]
[Result "0-1"]
[WhiteTitle "GM"]
[BlackTitle "GM"]
[WhiteElo "2647"]
[BlackElo "2522"]
[WhiteTeam "Norway Gnomes"]
[BlackTeam "Estonia Horses"]
[WhiteFideId "1710400"]
[BlackFideId "4500024"]
[EventDate "2018.01.18"]

1. d4 Nf6 2. c4 e6 3. Nf3 a6 4. Nc3 d5 5. cxd5 exd5 6. Qb3 Be7 7. Bf4 O-O 8. e3
b5 9. Bd3 Be6 10. Qc2 Nbd7 11. Ng5 h6 12. Nxe6 fxe6 13. O-O c5 14. Qe2 Qb6 15.
Rad1 Bd6 16. dxc5 Nxc5 17. Bxd6 Qxd6 18. e4 Qb6 19. exd5 exd5 20. Bc2 Rad8 21.
b4 Ne6 22. Bb3 Kh8 23. Rfe1 Nf4 24. Qe3 Qd6 25. Qc5 Qb8 26. h3 d4 27. Rxd4 Nd3
28. Qxf8+ Rxf8 29. Rxd3 Qf4 30. Ne4 Re8 31. Rf3 Qh4 32. g3 Qxh3 33. Rf4 Ng4 34.
Bd5 Qh2+ 35. Kf1 Nf6 36. Nxf6 Qh3+ 37. Bg2 Rxe1+ 38. Kxe1 Qxg2 39. Ne4 Qg1+ 40.
Ke2 Qb1 41. Nc5 Qxa2+ 42. Kf1 a5 43. bxa5 Qxa5 44. Nd3 Qc3 45. Nb4 Kh7 46. Kg2
Qc5 47. Re4 h5 48. f3 Qd6 49. Kh3 g6 50. g4 Qd1 51. Kg3 Qg1+ 52. Kf4 Qh2+ 53.
Kg5 Qd2+ 54. f4 Qd8+ 0-1

[Event "PRO League Group Stage"]
[Site "chess.com INT"]
[Date "2018.03.07"]
[Round "9"]
[White "Grandelius, Nils"]
[Black "Kukk, Sander"]
[Result "1-0"]
[WhiteTitle "GM"]
[WhiteElo "2647"]
[BlackElo "2178"]
[WhiteTeam "Norway Gnomes"]
[BlackTeam "Estonia Horses"]
[WhiteFideId "1710400"]
[BlackFideId "4502094"]
[EventDate "2018.01.18"]

1. d4 g6 2. c4 Bg7 3. g3 d6 4. Bg2 Nf6 5. Nf3 O-O 6. Nc3 Nc6 7. O-O e5 8. dxe5
Nxe5 9. b3 Nxf3+ 10. Bxf3 Ne4 11. Nxe4 Bxa1 12. Bg5 f6 13. Bh6 Be5 14. Bxf8 Qxf8
15. Bg2 f5 16. Ng5 c6 17. Qd2 h6 18. Nh3 Be6 19. Rd1 Rd8 20. Qe3 Re8 21. Qxa7
Qe7 22. Qe3 Bg7 23. Nf4 Bf7 24. Qxe7 Rxe7 25. Kf1 g5 26. Nd3 Kf8 27. Nb4 Rd7 28.
Nc2 Ke7 29. e4 f4 30. gxf4 gxf4 31. Nd4 Bxd4 32. Rxd4 Kf6 33. Rd3 Rd8 34. Ke2
Ke5 35. c5 d5 36. exd5 cxd5 37. a4 Rg8 38. Kf1 Be6 39. a5 Rg7 40. Bf3 Rc7 41. b4
d4 42. Be2 Bc4 43. Rh3 Bxe2+ 44. Kxe2 Ke4 45. f3+ Kd5 46. Kd3 Re7 47. Rh5+ Kc6
48. Rxh6+ Kc7 49. b5 Re3+ 50. Kxd4 Rxf3 51. Rh7+ Kc8 52. a6 bxa6 53. b6 Rb3 54.
Kd5 f3 55. Kc6 Kd8 56. b7 f2 57. Rf7 Rb2 58. Rxf2 1-0

[Event "PRO League Group Stage"]
[Site "chess.com INT"]
[Date "2018.03.07"]
[Round "9"]
[White "Nagle, Sean"]
[Black "Postny, Evgeny"]
[Result "0-1"]
[WhiteTitle "IM"]
[BlackTitle "GM"]
[WhiteElo "2432"]
[BlackElo "2579"]
[WhiteTeam "Minnesota Blizzard"]
[BlackTeam "Montclair Sopranos"]
[WhiteFideId "2013878"]
[BlackFideId "2804344"]
[EventDate "2018.01.18"]

1. Nf3 d5 2. d4 Nf6 3. c4 c6 4. cxd5 cxd5 5. Nc3 Nc6 6. Bf4 a6 7. Rc1 Nh5 8. Bd2
e6 9. e3 Nf6 10. Bd3 Bd6 11. O-O O-O 12. e4 dxe4 13. Nxe4 Nd5 14. Re1 Bc7 15. a3
Nce7 16. Bb1 Bd7 17. Ne5 Nf5 18. Ba2 Bxe5 19. dxe5 Bc6 20. b4 Qb6 21. Rc5 Rfd8
22. Qh5 Rd7 23. Bg5 h6 24. Bc1 Nxb4 25. Nf6+ gxf6 26. Rc4 Rd4 27. Rxb4 Rxb4 28.
axb4 Qxb4 29. Rd1 Qe4 30. f3 Qe2 31. Bb3 Ne3 32. Bxe3 Qxe3+ 33. Kh1 Qxb3 34. Rg1
Qe3 35. exf6 Qg5 36. Qh3 Qxf6 37. Qg3+ Kh7 0-1

[Event "PRO League Group Stage"]
[Site "chess.com INT"]
[Date "2018.03.07"]
[Round "9"]
[White "Nagle, Sean"]
[Black "Checa, Nicolas"]
[Result "0-1"]
[WhiteTitle "IM"]
[BlackTitle "IM"]
[WhiteElo "2432"]
[BlackElo "2486"]
[WhiteTeam "Minnesota Blizzard"]
[BlackTeam "Montclair Sopranos"]
[WhiteFideId "2013878"]
[BlackFideId "2069342"]
[EventDate "2018.01.18"]

1. Nf3 d5 2. d4 Nf6 3. c4 c6 4. cxd5 cxd5 5. Nc3 Nc6 6. Bf4 a6 7. Rc1 Nh5 8. Bd2
Nf6 9. Bf4 Nh5 10. Bd2 Nf6 11. e3 e6 12. Bd3 Be7 13. O-O O-O 14. a3 Bd7 15. Na4
Ne4 16. Nc5 Nxc5 17. dxc5 Bf6 18. b4 e5 19. e4 Bg4 20. Be3 d4 21. Bd2 Be6 22.
Bc4 Bxc4 23. Rxc4 b5 24. cxb6 Qxb6 25. Qc2 Ne7 26. Rc1 h6 27. h4 Rfc8 28. g3 Qb5
29. Ne1 Rxc4 30. Qxc4 Rc8 31. Qxb5 axb5 32. Nd3 Rc4 33. Nb2 Rxc1+ 34. Bxc1 Nc6
35. Bd2 Be7 36. Kf1 f6 37. h5 Kf7 38. Ke2 Ke6 39. g4 Kd7 40. Kd3 Kc7 41. Kc2 Kb6
42. Kb3 Nd8 43. a4 Nf7 44. axb5 Kxb5 45. Nc4 Nd6 46. Na3+ Kc6 47. f3 Nb5 48. Nc4
d3 49. Na5+ Kb6 50. Be3+ Ka6 51. Nc6 Bd6 52. Kc4 Nc7 53. Kxd3 Kb5 54. Nd8 Be7
55. Nf7 Ne6 56. Bxh6 gxh6 57. Nxh6 Kxb4 58. Nf5 Bf8 59. Ne3 Kc5 60. Ke2 Bh6 61.
Nd1 Kc4 62. Nb2+ Kb3 63. Nd1 Nf4+ 64. Kf1 Nd3 0-1

[Event "PRO League Group Stage"]
[Site "chess.com INT"]
[Date "2018.03.07"]
[Round "9"]
[White "Saric, Ivan"]
[Black "Le, Quang Liem"]
[Result "0-1"]
[WhiteTitle "GM"]
[BlackTitle "GM"]
[WhiteElo "2664"]
[BlackElo "2737"]
[WhiteTeam "Montreal Chessbrahs"]
[BlackTeam "Webster Windmills"]
[WhiteFideId "14508150"]
[BlackFideId "12401137"]
[EventDate "2018.01.18"]

1. e4 c6 2. d4 d5 3. e5 Bf5 4. h4 h5 5. Bd3 Bxd3 6. Qxd3 e6 7. Bg5 Be7 8. Nf3
Nh6 9. Nc3 Nd7 10. Ne2 c5 11. Nf4 cxd4 12. Nxh5 Qa5+ 13. Bd2 Qb6 14. Nxg7+ Kf8
15. Nh5 Ng4 16. Nf4 Ndxe5 17. Nxe5 Nxe5 18. Qe2 Nc4 19. Nd3 Rc8 20. g3 Bd6 21.
O-O e5 22. Bg5 e4 23. Bf6 Rh6 24. Qg4 Rxf6 25. Qxc8+ Kg7 26. h5 exd3 27. cxd3
Nd2 28. Qg4+ Kh7 29. h6 Bf8 30. Rfe1 Nf3+ 31. Kg2 Qxb2 32. Qxf3 Rxf3 33. Kxf3
Qc2 34. Kg2 Bxh6 35. Re7 Kg7 36. Rxb7 Qxd3 37. Re1 Be3 38. Rxa7 Qe4+ 39. Kg1 Qf3
40. fxe3 Qxg3+ 41. Kf1 dxe3 0-1